000 00329nam a2200121Ia 4500
008 240624s9999 xx 000 0 und d
041 _aeng
082 _a332.6 LOW
100 _aLOWE JANET
245 _aDAMN RIGHT BEHIND THE SCENES WITH BERKSH
260 _c2000
_aNew York
_bJohn Wiley and Sons
300 _ax, : 294 : p. : cm. ; 22
999 _c9526
_d9526